[Event "AUTO-INT-850"]
[Site "http://www.queenalice.com/game.php?id=379514"]
[Date "2008.3.30"]
[Round "1"]
[White "FATAL"]
[Black "lucianovdemelo"]
[Result "1-0"]
[WhiteElo "1765"]
[BlackElo "1516"]

1. e4 e5 2. Nf3 Nc6 3. Bc4 Nf6 4. Ng5 d5 5. exd5 Nxd5 6. d4 exd4 7. O-O f6 8.
Re1+ Nce7 9. Qxd4 fxg5 10. Bxd5 c6 11. Bf7+ Kxf7 12. Qxd8 Rb8 13. Bxg5 Bf5 14.
Qxb8 Bxc2 15. Bxe7 Bxe7 16. Qxh8 Bxb1 17. Raxb1 Bb4 18. Qe8+ Kf6 19. Qe6+ Kg5
20. Re5+ Kf4 21. Qf5# 1-0

[Event "AUTO-INT-850"]
[Site "http://www.queenalice.com/game.php?id=379515"]
[Date "2008.3.30"]
[Round "1"]
[White "lucianovdemelo"]
[Black "FATAL"]
[Result "0-1"]
[WhiteElo "1516"]
[BlackElo "1743"]

1. d4 d5 2. c4 e6 3. Nc3 c5 4. e3 cxd4 5. exd4 Nf6 6. Nf3 Bb4 7. Bd2 O-O 8. a3
Bxc3 9. Bxc3 Nc6 10. Bd3 dxc4 11. Bxc4 Ne4 12. Qd3 f5 13. O-O Qc7 14. Bb5 Rd8
15. Rfe1 Qf4 16. g3 Qd6 17. Rad1 Bd7 18. Bxc6 Bxc6 19. Bb4 Qd5 20. Ne5 Nc5 21.
Bxc5 Qg2# 0-1

[Event "Challenge"]
[Site "http://www.queenalice.com/game.php?id=386596"]
[Date "2008.4.12"]
[Round "-"]
[White "allvaro"]
[Black "FATAL"]
[Result "0-1"]
[WhiteElo "1144"]
[BlackElo "1825"]

1. e4 e5 2. Nh3 Bc5 3. Qf3 Nc6 4. d3 Nd4 5. Qe3 Nxc2+ 6. Kd2 Nxe3 7. fxe3 Nf6 8.
Nc3 d6 9. Kd1 Ng4 10. Be2 Nxe3+ 11. Kd2 Nxg2 12. Nf2 Bxf2 13. Rf1 Bd4 14. Nd5 c6
15. Nb4 Qa5 16. a3 c5 17. Rf2 Bxf2 18. b3 cxb4 19. axb4 Qxa1 20. b5 Be6 21. b4
Qa2+ 22. Kd1 Bb3# 0-1

[Event "AUTO-OPEN-1131"]
[Site "http://www.queenalice.com/game.php?id=402526"]
[Date "2008.5.13"]
[Round "1"]
[White "FATAL"]
[Black "goulart"]
[Result "0-1"]
[WhiteElo "1787"]
[BlackElo "2037"]

1. e4 c5 2. Nf3 d6 3. Nc3 e5 4. d3 Bg4 5. Be2 Nc6 6. Nd5 Nge7 7. Ng5 Bxe2 8.
Qxe2 Nd4 9. Qd1 Nxd5 10. exd5 Be7 11. Nf3 Nxf3+ 12. Qxf3 Qb6 13. b3 O-O 14. Bb2
f5 15. Bc1 Rae8 16. Bb2 Qa5+ 17. Ke2 e4 18. Qg3 Bf6 19. Bxf6 Rxf6 20. f4 exf3+
21. Kxf3 Rg6 22. Qf4 Re5 23. h3 Qc3 24. Qc1 Rxd5 25. Re1 Kf7 26. g3 Re5 27. Rf1
Rge6 28. g4 fxg4+ 29. Kxg4+ Ke7 0-1

[Event "AUTO-OPEN-1131"]
[Site "http://www.queenalice.com/game.php?id=402527"]
[Date "2008.5.13"]
[Round "1"]
[White "goulart"]
[Black "FATAL"]
[Result "1-0"]
[WhiteElo "1988"]
[BlackElo "1798"]

1. e4 e5 2. Bc4 Nf6 3. Nf3 Nxe4 4. Nxe5 Qf6 5. Ng4 Qd4 6. Ne3 Bc5 7. O-O Nf6 8.
c3 Qh4 9. d4 d5 10. Nxd5 Bd6 11. g3 Qh3 12. Re1+ Be6 13. Nxf6+ gxf6 14. d5 Be5
15. dxe6 fxe6 16. f4 Nd7 17. fxe5 Nxe5 18. Bf1 Qf5 19. Bg2 Rd8 20. Qa4+ Kf7 21.
Rf1 b5 22. Qxa7 Qc2 23. Qxc7+ Rd7 24. Qxe5 1-0

[Event "AUTO-OPEN-1131"]
[Site "http://www.queenalice.com/game.php?id=402530"]
[Date "2008.5.13"]
[Round "1"]
[White "FATAL"]
[Black "daga2008"]
[Result "1-0"]
[WhiteElo "1835"]
[BlackElo "1562"]

1. e4 e5 2. Nf3 Nc6 3. d4 exd4 4. Nxd4 Nxd4 5. Qxd4 b6 6. Bc4 c5 7. Qd5 Qe7 8.
Qxa8 Kd8 9. Nc3 Qe8 10. Bf4 Ke7 11. Nd5+ Kd8 12. Bc7# 1-0

[Event "AUTO-OPEN-1131"]
[Site "http://www.queenalice.com/game.php?id=402531"]
[Date "2008.5.13"]
[Round "1"]
[White "daga2008"]
[Black "FATAL"]
[Result "1-0"]
[WhiteElo "1484"]
[BlackElo "1843"]

1. e4 e5 2. Qh5 Nc6 3. Bc4 g6 4. Qf3 Qf6 5. Qxf6 Nxf6 6. Na3 Bxa3 7. bxa3 Nxe4
8. f3 Nf6 9. g3 Nd4 10. Bd3 O-O 11. Kd1 d5 12. a4 Re8 13. c3 Nc6 14. g4 Na5 15.
g5 Nh5 16. Be2 Nf4 17. d3 Nxe2 18. Nxe2 Bd7 19. Bd2 1-0

[Event "Challenge"]
[Site "http://www.queenalice.com/game.php?id=425570"]
[Date "2008.6.30"]
[Round "-"]
[White "Rgbug"]
[Black "FATAL"]
[Result "0-1"]
[WhiteElo "2061"]
[BlackElo "1850"]

1. e4 e5 2. Nf3 Nc6 3. Bb5 Nf6 4. Nc3 Bb4 5. Nd5 Nxd5 6. exd5 e4 7. dxc6 bxc6 8.
Bxc6 dxc6 9. Qe2 O-O 10. Ne5 Qd5 11. Nc4 a5 12. Ne3 Qd7 13. b3 Ba6 14. c4 Qd3
15. Qxd3 exd3 16. Bb2 Rfe8 17. Bc3 Bb7 18. O-O Re6 19. Nf5 Bxc3 20. dxc3 c5 21.
Ne3 Rd8 22. Rad1 Be4 23. Rd2 c6 24. Nd1 Bg6 25. Nb2 Re2 26. Rfd1 Rd6 27. Kf1
Rxd2 28. Rxd2 Kf8 29. Na4 Ke7 30. Nxc5 Kf6 31. f3 Rd8 32. Kf2 Ke5 33. Ke3 Re8
34. Ne4 f5 35. f4+ Ke6 36. Ng5+ Kf6+ 37. Kxd3 c5 38. Re2 Rd8+ 39. Kc2 Rd6 40.
Rd2 Ra6 41. Rd5 Rc6 42. a3 Ke7 43. Nf3 Bf7 44. Re5+ Kf6 45. Re1 a4 46. Ne5 axb3+
47. Kb2 Rc7 48. Nxf7 Rxf7 49. Re5 Rd7 50. Rxc5 Rd2+ 51. Kxb3 Rxg2 52. a4 Rxh2
53. a5 Rh1 54. Rc6+ Ke7 55. Kb4 Rb1+ 56. Kc5 Ra1 57. a6 Kd7 58. Rb6 Ke7 59. Rb7+
Ke6 60. Kb6 g5 61. fxg5 f4 62. a7 f3 63. Rb8 f2 64. Rf8 Rb1+ 65. Kc6 Ra1 66.
Rxf2 Rxa7 67. c5 Rg7 68. Rg2 Rg6 69. Re2+ Kf5+ 70. Kd5 Ra6 71. c6 Rxc6 72. Kxc6
Kxg5 73. Kd5 h5 74. Ke5 Kg4 75. Rg2+ Kf3 76. Ra2 h4 77. c4 h3 78. c5 Kg3 79. c6
h2 80. Rxh2 Kxh2 81. c7 Kg3 82. c8=Q Kf3 83. Qc4 Ke3 84. Qe4+ Kf2 85. Kf4 Kf1
0-1

[Event "Challenge"]
[Site "http://www.queenalice.com/game.php?id=428991"]
[Date "2008.7.7"]
[Round "-"]
[White "lucasalex"]
[Black "FATAL"]
[Result "0-1"]
[WhiteElo "1911"]
[BlackElo "1779"]

1. e4 e5 2. Nf3 Nc6 3. Bc4 Bc5 4. Nc3 Nf6 5. d3 d6 6. Bg5 h6 7. Bh4 g5 8. Nxg5
hxg5 9. Bxg5 Bxf2+ 10. Kxf2 Ng4+ 11. Qxg4 f6 12. Qf3 Nd4 13. Qxf6 Qxf6+ 14. Bxf6
Rf8 15. Nd5 Ne6 16. Ke3 c6 17. Bh4 cxd5 18. Bb5+ Bd7 19. Bxd7+ Kxd7 20. exd5 Nf4
21. Rhg1 Nxd5+ 22. Kd2 Rf7 23. Raf1 Raf8 24. Rxf7+ Rxf7 25. a3 Nf4 26. Bg3 Nh5
27. Be1 Kc6 28. Kd1 d5 0-1

[Event "AUTO-INT-850"]
[Site "http://www.queenalice.com/game.php?id=465322"]
[Date "2008.9.19"]
[Round "2"]
[White "zolaweed"]
[Black "FATAL"]
[Result "0-1"]
[WhiteElo "1901"]
[BlackElo "1829"]

1. e4 e5 2. Nc3 Nf6 3. Nf3 Bb4 4. Be2 d6 5. h3 Bxc3 6. bxc3 Nxe4 7. Bb2 Ng5 8.
d3 Nc6 9. Qd2 Ne6 10. O-O Nf4 11. h4 Qf6 12. c4 O-O 13. Rfe1 Qg6 14. g3 Ne7 15.
Kh2 Nxe2 16. Rxe2 Bg4 17. Qe3 Qh5 18. Kg2 f6 19. Ree1 c5 20. Nh2 Bd7 21. f3 Bc6
22. c3 g5 23. Rh1 Nf5 24. Qf2 g4 25. Kf1 Nh6 26. Nxg4 Nxg4 27. fxg4 Qxg4 28. Rh2
f5 29. Ke1 f4 30. Qd2 fxg3 31. Re2 Qxh4 32. Qe3 Rf3 33. Qg1 Rxd3 34. Rd2 Rxd2
35. Kxd2 Qh2+ 36. Kd3 Qxg1 37. Rxg1 g2 38. Bc1 Rf8 0-1

[Event "AUTO-INT-850"]
[Site "http://www.queenalice.com/game.php?id=465323"]
[Date "2008.9.19"]
[Round "2"]
[White "FATAL"]
[Black "zolaweed"]
[Result "1-0"]
[WhiteElo "1806"]
[BlackElo "1901"]

1. e4 e5 2. Nf3 Nc6 3. Bb5 Nge7 4. d4 exd4 5. Nxd4 d6 6. Bg5 Bd7 7. Nc3 a6 8.
Bc4 Ne5 9. Be2 g6 10. Bf6 Rg8 11. f4 N5c6 12. Bc4 Bg7 13. Bxg7 Rxg7 14. Nxc6
Nxc6 15. Ne2 Qe7 16. Nc3 O-O-O 17. Be2 f5 18. Qd2 fxe4 19. O-O-O h5 20. Nd5 Qf7
21. Bc4 Be6 22. Rhf1 Qg8 23. Nf6 Qf7 24. Nd5 a5 25. a3 Qf5 26. Qc3 Rdd7 27. Ne3
Qf7 28. Bb5 Nb8 29. Bxd7+ Nxd7 30. Rxd6 b6 31. Rxe6 Nc5 32. Re5 Qa2 33. Re8+ Kb7
34. Qxg7 Qa1+ 35. Kd2 Qa2 36. Re7 Ka6 37. Re8 Qxb2 38. Qxb2 1-0

[Event "AUTO-INT-850"]
[Site "http://www.queenalice.com/game.php?id=465324"]
[Date "2008.9.19"]
[Round "2"]
[White "kamikaze"]
[Black "FATAL"]
[Result "0-1"]
[WhiteElo "2151"]
[BlackElo "1888"]

1. d4 Nf6 2. c4 g6 3. Nc3 Bg7 4. Nf3 d6 5. h3 Bf5 6. e3 c6 7. Be2 d5 8. cxd5
cxd5 9. O-O a6 10. Qb3 Qd7 11. Ne5 Qc7 12. Bd2 Be6 13. Rac1 Nc6 14. Nf3 O-O 15.
Qd1 Ne4 16. Bd3 f5 17. a3 Qd7 18. Be1 Rad8 19. Qb3 f4 20. Qc2 Nxc3 21. Qxc3 Rc8
22. Qd2 fxe3 23. fxe3 Bh6 24. Qe2 Bf5 25. Bxf5 gxf5 26. Bd2 e6 27. b4 b5 28. Rc2
Rc7 29. Rfc1 Rfc8 30. Be1 Ne7 31. Rc5 Ng6 32. Rxc7 Rxc7 33. Rxc7 Qxc7 34. Qd2 f4
35. Bf2 Kf7 36. h4 fxe3 37. Bxe3 Bxe3+ 38. Qxe3 Nf8 39. Ne5+ Ke8 40. Qf4 Qg7 41.
Nc6 Ng6 42. Qg5 Qc7 43. Ne5 Nxe5 44. Qxe5 Qxe5 45. dxe5 Kf7 46. Kf2 Kg6 47. g4
h5 48. Kf3 hxg4+ 49. Kxg4 Kh6 50. Kf4 Kh5 51. Kg3 d4 52. Kf4 Kxh4 53. Ke4 Kg4
0-1

[Event "AUTO-INT-850"]
[Site "http://www.queenalice.com/game.php?id=465325"]
[Date "2008.9.19"]
[Round "2"]
[White "FATAL"]
[Black "kamikaze"]
[Result "1/2-1/2"]
[WhiteElo "1877"]
[BlackElo "2151"]

1. e4 e5 2. Nf3 d6 3. Bc4 h6 4. c3 Nf6 5. Qb3 Qd7 6. Bd3 a6 7. O-O Be7 8. Qd1 b5
9. Bc2 c5 10. d3 Nc6 11. d4 cxd4 12. cxd4 O-O 13. d5 Nb4 14. Bd2 Nxc2 15. Qxc2
Bb7 16. a3 Rac8 17. Nc3 a5 18. b4 a4 19. Qd3 Ba6 20. Nh4 Nh7 21. Nf5 Bg5 22. Qg3
Kh8 23. h4 Bf6 24. Rac1 Rc4 25. Rc2 Rfc8 26. Rfc1 R8c7 27. f3 Nf8 28. Ne3 Rd4
29. Ne2 Rxc2 30. Rxc2 Rd3 31. Nc3 Qe7 32. Qg4 Qa7 33. Kf2 Ng6 34. g3 Bd8 35. Ke2
Qd4 36. h5 Bg5 37. Ncd1 Nf8 38. f4 exf4 39. gxf4 Bf6 40. Bc3 Qxe4 41. Bxf6 gxf6
42. Rc7 Rxd1 43. Rxf7 Qd3+ 44. Kf3 Rf1+ 45. Kg2 Rg1+ 46. Kxg1 Qxe3+ 47. Kh2 Qd2+
48. Kh3 Qe3+ 49. Kh4 Qe1+ 50. Qg3 Qh1+ 51. Qh3 Qxh3+ 52. Kxh3 Bc8+ 53. Kg3 Nd7
54. Kf3 1/2-1/2

[Event "AUTO-MASTER-775"]
[Site "http://www.queenalice.com/game.php?id=566821"]
[Date "2009.4.4"]
[Round "1"]
[White "fracci"]
[Black "FATAL"]
[Result "1-0"]
[WhiteElo "2075"]
[BlackElo "1915"]

1. e4 e5 2. Nf3 Nc6 3. Bb5 a6 4. Bxc6 bxc6 5. d4 f6 6. dxe5 fxe5 7. Bg5 Nf6 8.
O-O d6 9. c4 Bg4 10. Nbd2 h6 11. Bxf6 Qxf6 12. Qa4 Kd7 13. b4 Be7 14. Qb3 Qg6
15. b5 Rhb8 16. bxc6+ Kxc6 17. Qd3 Be6 18. Rfb1 Bh3 19. Qd5+ 1-0

[Event "AUTO-MASTER-775"]
[Site "http://www.queenalice.com/game.php?id=566822"]
[Date "2009.4.4"]
[Round "1"]
[White "FATAL"]
[Black "fracci"]
[Result "0-1"]
[WhiteElo "1901"]
[BlackElo "2092"]

1. e4 e5 2. Nf3 Nc6 3. Bb5 Nge7 4. d4 exd4 5. Nxd4 Nxd4 6. Qxd4 c6 7. Bd3 d5 8.
O-O Qb6 9. Qxb6 axb6 10. Re1 Be6 11. Be3 dxe4 12. Bxe4 Nc8 13. a3 Bc5 14. Bxc5
bxc5 15. Bf5 Ke7 16. Bxe6 fxe6 17. Nc3 Nd6 18. Ne4 Nxe4 19. Rxe4 Rad8 20. Rae1
Rd6 21. f4 g6 22. Kf2 Rf8 0-1

[Event "AUTO-MASTER-775"]
[Site "http://www.queenalice.com/game.php?id=566835"]
[Date "2009.4.4"]
[Round "1"]
[White "jotat"]
[Black "FATAL"]
[Result "1-0"]
[WhiteElo "2211"]
[BlackElo "1905"]

1. e4 e5 2. Nf3 Nc6 3. Bc4 Bc5 4. b4 Bxb4 5. c3 Ba5 6. d4 d6 7. dxe5 Bg4 8. exd6
Bxf3 9. Qxf3 Ne5 10. Bb5+ c6 11. Qg3 Qf6 12. f4 cxb5 13. fxe5 Qg6 14. Qd3 a6 15.
O-O Rd8 16. Qd4 Ne7 17. Qa7 O-O 18. Qxb7 Nc8 19. Qxa6 Bb6+ 20. Kh1 b4 21. Qd3
bxc3 22. Nxc3 Rd7 23. Nd5 Ba7 24. Rf6 Qg4 25. Rf5 f6 26. Ba3 fxe5 27. Rxf8+ Kxf8
28. Rf1+ 1-0

[Event "AUTO-MASTER-775"]
[Site "http://www.queenalice.com/game.php?id=566836"]
[Date "2009.4.4"]
[Round "1"]
[White "FATAL"]
[Black "jotat"]
[Result "0-1"]
[WhiteElo "1893"]
[BlackElo "2231"]

1. e4 c6 2. d4 d5 3. Nc3 dxe4 4. Nxe4 Nf6 5. Nxf6+ exf6 6. Nf3 Bg4 7. Be2 Bd6 8.
O-O O-O 9. Nh4 Bxe2 10. Qxe2 Qd7 11. Re1 Na6 12. Bd2 Nb4 13. Bxb4 Bxb4 14. c3
Bd6 15. Qd3 Rfe8 16. g3 Rxe1+ 17. Rxe1 Re8 18. Rxe8+ Qxe8 19. Qe3 Qe6 20. Qxe6
fxe6 21. Kg2 c5 22. Kf3 cxd4 23. cxd4 Kf7 24. h3 Ke7 25. Ke3 Kd7 26. Kd3 Kc6 27.
Nf3 b5 0-1

[Event "AUTO-MASTER-775"]
[Site "http://www.queenalice.com/game.php?id=566843"]
[Date "2009.4.4"]
[Round "1"]
[White "Ribar"]
[Black "FATAL"]
[Result "1-0"]
[WhiteElo "2107"]
[BlackElo "1891"]

1. c4 c5 2. Nf3 Nf6 3. g3 b6 4. Bg2 Bb7 5. O-O e6 6. Nc3 Be7 7. d3 O-O 8. b3 d6
9. Bb2 a6 10. e4 e5 11. Nd5 Nxd5 12. exd5 Bc8 13. Qe2 Bg4 14. h3 Bf5 15. g4 Bg6
16. Nd2 f5 17. gxf5 Rxf5 18. Ne4 Bh5 19. Qe1 Bh4 20. Ng3 Bxg3 21. fxg3 Rxf1+ 22.
Qxf1 Nd7 23. Qf5 Bg6 24. Qe6+ Kf8 25. Qxd6+ Ke8 26. Bxe5 Nxe5 27. Qxe5+ Kf8 28.
Rf1+ Kg8 29. d4 Qd7 30. Qe6+ Qxe6 31. dxe6 Rf8 32. d5 1-0

[Event "AUTO-MASTER-775"]
[Site "http://www.queenalice.com/game.php?id=566844"]
[Date "2009.4.4"]
[Round "1"]
[White "FATAL"]
[Black "Ribar"]
[Result "0-1"]
[WhiteElo "1884"]
[BlackElo "2113"]

1. e4 c5 2. Nf3 a6 3. d4 cxd4 4. Nxd4 Qc7 5. c4 Nf6 6. Nc3 e6 7. a3 Be7 8. Bd3
Nc6 9. Nf3 O-O 10. O-O d6 11. Re1 Bd7 12. b4 Ne5 13. Nxe5 dxe5 14. Qc2 Ne8 15.
Be3 Rc8 16. Rad1 Nd6 17. c5 Ne8 18. Na4 Bxa4 19. Qxa4 Nf6 20. f3 Rfd8 21. Be2
Rxd1 22. Rxd1 Rd8 23. Rxd8+ Bxd8 24. Bg5 Kf8 25. c6 bxc6 26. Qxa6 Qb6+ 27. Qxb6
Bxb6+ 28. Kf1 Nd7 0-1